<?xml version="1.0" encoding="UTF-8"?>
<record
    xmlns:xsi="http://www.w3.org/2001/XMLSchema-instance"
    xsi:schemaLocation="http://www.loc.gov/MARC21/slim http://www.loc.gov/standards/marcxml/schema/MARC21slim.xsd"
    xmlns="http://www.loc.gov/MARC21/slim">

  <leader>00716cam a2200205   4500</leader>
  <controlfield tag="005">20151002142546.0</controlfield>
  <controlfield tag="008">071009t20012001njua          000 0 eng u</controlfield>
  <datafield tag="020" ind1=" " ind2=" ">
    <subfield code="a">0024154814</subfield>
  </datafield>
  <datafield tag="050" ind1="0" ind2="4">
    <subfield code="a">QA76.76.O63 </subfield>
    <subfield code="b">S73 1992</subfield>
  </datafield>
  <datafield tag="100" ind1="1" ind2=" ">
    <subfield code="a">Stallings, William,</subfield>
  </datafield>
  <datafield tag="245" ind1="1" ind2="0">
    <subfield code="a">Operating systems / </subfield>
    <subfield code="c">William Stallings.</subfield>
  </datafield>
  <datafield tag="250" ind1=" " ind2=" ">
    <subfield code="a">1a ed.</subfield>
  </datafield>
  <datafield tag="260" ind1=" " ind2=" ">
    <subfield code="a">New York : </subfield>
    <subfield code="b">Prentice Hall, </subfield>
    <subfield code="c">c1992</subfield>
  </datafield>
  <datafield tag="300" ind1=" " ind2=" ">
    <subfield code="a">xvi, 682 p. :</subfield>
    <subfield code="b">il.,</subfield>
    <subfield code="c">24 cm.</subfield>
  </datafield>
  <datafield tag="504" ind1=" " ind2=" ">
    <subfield code="a">Incluye ap&#xE9;ndices, glosario e &#xED;ndice</subfield>
  </datafield>
  <datafield tag="504" ind1=" " ind2=" ">
    <subfield code="a">Bibliograf&#xED;a: p. 653-668</subfield>
  </datafield>
  <datafield tag="650" ind1=" " ind2="7">
    <subfield code="a">Sistemas operativos (Computadoras) </subfield>
    <subfield code="2">LEMB</subfield>
    <subfield code="x">Administraci&#xF3;n </subfield>
  </datafield>
  <datafield tag="650" ind1=" " ind2="4">
    <subfield code="a">Sistemas de almacenamiento y recuperaci&#xF3;n de informaci&#xF3;n  </subfield>
    <subfield code="x">Administraci&#xF3;n </subfield>
    <subfield code="2">LEMB</subfield>
  </datafield>
  <datafield tag="942" ind1=" " ind2=" ">
    <subfield code="2">lcc</subfield>
    <subfield code="c">LIB</subfield>
  </datafield>
  <datafield tag="999" ind1=" " ind2=" ">
    <subfield code="c">102119</subfield>
    <subfield code="d">102119</subfield>
  </datafield>
  <datafield tag="952" ind1=" " ind2=" ">
    <subfield code="1">0</subfield>
    <subfield code="2">lcc</subfield>
    <subfield code="4">0</subfield>
    <subfield code="7">0</subfield>
    <subfield code="a">POS-043</subfield>
    <subfield code="b">POS-043</subfield>
    <subfield code="c">GENERAL</subfield>
    <subfield code="d">2015-10-02</subfield>
    <subfield code="e">DON</subfield>
    <subfield code="f">1a. ed.</subfield>
    <subfield code="k">IT</subfield>
    <subfield code="o">QA76.76.O63 S73 1992</subfield>
    <subfield code="p">PBIE000000488</subfield>
    <subfield code="r">2015-10-02 00:00:00</subfield>
    <subfield code="t">C:1</subfield>
    <subfield code="y">LIB</subfield>
  </datafield>
  <datafield tag="952" ind1=" " ind2=" ">
    <subfield code="1">0</subfield>
    <subfield code="2">lcc</subfield>
    <subfield code="4">0</subfield>
    <subfield code="7">6</subfield>
    <subfield code="a">LIC-017</subfield>
    <subfield code="b">LIC-017</subfield>
    <subfield code="c">GENERAL</subfield>
    <subfield code="d">2025-07-14</subfield>
    <subfield code="f">5a ed</subfield>
    <subfield code="k">IT</subfield>
    <subfield code="l">0</subfield>
    <subfield code="o">QA76.76 O63 S73 2005</subfield>
    <subfield code="p">BIM000000592</subfield>
    <subfield code="r">2025-07-14 16:12:07</subfield>
    <subfield code="t">1</subfield>
    <subfield code="v">1.00</subfield>
    <subfield code="y">LIB</subfield>
  </datafield>
  <datafield tag="952" ind1=" " ind2=" ">
    <subfield code="1">0</subfield>
    <subfield code="2">lcc</subfield>
    <subfield code="4">0</subfield>
    <subfield code="7">0</subfield>
    <subfield code="a">LIC-017</subfield>
    <subfield code="b">LIC-017</subfield>
    <subfield code="c">GENERAL</subfield>
    <subfield code="d">2025-07-14</subfield>
    <subfield code="f">5a ed</subfield>
    <subfield code="k">IT</subfield>
    <subfield code="l">0</subfield>
    <subfield code="o">QA76.76 O63 S73 2005</subfield>
    <subfield code="p">BIM000000593</subfield>
    <subfield code="r">2025-07-14 16:12:07</subfield>
    <subfield code="t">2</subfield>
    <subfield code="v">1.00</subfield>
    <subfield code="y">LIB</subfield>
  </datafield>
</record>
